Finish the lyrics (english/german) 2 - Statistiken

Allgemein
  • Dieses Quiz wurde 113 mal gespielt
  • Das Durchschnittsergebnis liegt bei 6 aus 16
Antwortstatistiken
Lyrics Artist Antwort % Korrekt
Now, this looks like a job for me, so, everybody... Eminem just follow me
81%
never mind, I'll find... Adele someone like you
77%
Hello darkness,... Simon & Garfunkel my old friend
74%
I tried so hard.... Linkin Park and got so far
69%
In einem schwarzen Fotoalbum mit 'nem silbernen Knopf... Sido bewahr ich alle diese Bilder im Kopf
55%
Ans Ende der Zeit,... Tokio Hotel bis kein Regen mehr fällt
48%
I remember, I remember... Gnarls Barkley when I lost my mind
47%
You make me dance, bring me up, bring me down Play it sweet, make me move like a freak Alexandra Stan Mr. Saxobeat
43%
I might kill my ex, not the best... SZA idea
41%
Du bist vom selben Stern... Ich + Ich Ich kann deinen Herzschlag hörn
32%
Yeah, uh-huh, you know what it is... Wiz Khalifa Black and yellow
28%
getrampt oder mit'm Moped.... Udo Linderberg oder schwarz mit der Bahn
15%
das ist der Sonnenbankflavour.... Bushido Solariumflow
14%
Don't you open up that.... Travis Scott window
14%
...j'etais fort minable Stromae tu etais formidable
5%
ich will eure Blicke spür'n.... Rammstein Ich will jeden Herzschlag kontrollier'n
2%
Keine übereinstimmenden Quizze gefunden
Verteilung der Resultate
Anzahl Personen mit jedem Resultat
Perzentil nach korrekt beantworteten Fragen
Ihre Resultats-Entwicklung
Sie haben dieses Quiz noch nicht gespielt